| 000 | 00667nam a2200217 i 4500 | ||
|---|---|---|---|
| 001 | 7748 | ||
| 003 | ES-MaACL | ||
| 005 | 20230906145314.0 | ||
| 007 | t| | ||
| 008 | 910501s1989 sp ||||1| spa d | ||
| 020 | _a84-404-5233-0 | ||
| 080 | _a791.44.071.1 Whale, James | ||
| 100 | 1 |
_aCurtis, James. _942245 |
|
| 245 | 1 | 0 |
_aJames Whale / _cJames Curtis. |
| 250 | _a1ª ed. | ||
| 260 |
_aSan Sebastián : _bFestival Internacional de Cine ; _aMadrid : _bFilmoteca Española, _c1989. |
||
| 600 | 1 | 4 |
_aWhale, James. _9116610 |
| 710 | 2 |
_aFilmoteca Española. _94128 |
|
| 711 | 2 |
_aFestival Internacional de Cine de San Sebastián. _9171019 |
|
| 852 |
_aES-MaACL _jC-10427 |
||
| 999 |
_c7748 _d7748 |
||